Bill Or Ted? - Statistics

General Stats
  • This quiz has been taken 60 times
  • The average score is 14 of 15
Answer Stats
Hint Answer % Correct
You killed Ted you medieval dickweed! Bill
100%
be excellent to eachother Bill
100%
Trash can. remember a trash can Ted
100%
party on dudes Ted
100%
It's a history report, not a babe report Bill
98%
how's it going royal ugly dudes? Bill
98%
It's not just a water sport I knew it! Bill
98%
Shut up Ted! Bill
98%
Ted! Don't forget to wind your watch! Ted
98%
Strange things are afoot at the Circle K Ted
98%
Want a Twinkie Genghis Khan? Ted
98%
Had wooden teeth chased Moby Dick Ted
98%
He didn't even card us dude Ted
98%
69 dudes! Both
78%
Sounds good Mr. the kid Both
78%
No matching quizzes found
Score Distribution
Percent of People with Each Score
Percentile by Number Answered
Your Score History
You have not taken this quiz